000 00663nam a2200265Ia 4500
005 20260121165947.0
008 008 260114s9999 xx 000 0 eng d
020 _a9783319123493
037 _aEBOOK
040 _aCRL
040 _beng
040 _cCRL
041 _2eng
041 _aeng
084 _qCRL
100 _aRosemary Papa, Danielle M. Eadens, Daniel W. Eadens
_91058122
245 0 _aSocial Justice Instruction
260 _bSpringer
260 _bSpringer
260 _c2016
856 _uhttps://link.springer.com/openurl?genre=book&isbn=978-3-319-12349-3
942 _cEBOOK
999 _c1623851
_d1623851